ბათუმის შოთა რუსთაველის სახელმწიფო უნივერსიტეტის ბიბლიოთეკა

წყამომარაგება. (ბიბ.ჩანაწერი № 38774)

000 -LEADER
fixed length control field 00563nam a2200205Ia 4500
001 - CONTROL NUMBER
control field 5123
003 - CONTROL NUMBER IDENTIFIER
control field GE_BSU
008 - FIXED-LENGTH DATA ELEMENTS--GENERAL INFORMATION
fixed length control field 181216s||||||||xx |||||||||||||| ||und||
040 ## - CATALOGING SOURCE
Transcribing agency GE_BSU
080 ## - UNIVERSAL DECIMAL CLASSIFICATION NUMBER
Universal Decimal Classification number 628.1(075.8)
100 ## - MAIN ENTRY--PERSONAL NAME
Personal name შარაშენიძე,ელ.
245 ## - TITLE STATEMENT
Title წყამომარაგება.
245 ## - TITLE STATEMENT
Remainder of title სახელმძღვ.
260 ## - PUBLICATION, DISTRIBUTION, ETC.
Place of publication, distribution, etc. თბ.
260 ## - PUBLICATION, DISTRIBUTION, ETC.
Name of publisher, distributor, etc. განათლება.
260 ## - PUBLICATION, DISTRIBUTION, ETC.
Date of publication, distribution, etc. 1967.
300 ## - PHYSICAL DESCRIPTION
Extent 600გვ;ილ;27სმ.
653 ## - INDEX TERM--UNCONTROLLED
Uncontrolled term წყამომარაგება.
942 ## - ADDED ENTRY ELEMENTS (KOHA)
Koha item type წიგნი
ეგზემპლარები
Withdrawn status Lost status Damaged status Not for loan Date acquired Barcode Date last seen Price effective from Koha item type
        2018-12-17 11730 2018-12-17 2018-12-17 წიგნი
        2018-12-17 11731 2018-12-17 2018-12-17 წიგნი
        2018-12-17 11732 2018-12-17 2018-12-17 წიგნი